| 000 | 00720nam a22002417a 4500 | ||
|---|---|---|---|
| 999 |
_c15133 _d15133 |
||
| 003 | AR-CdUCM | ||
| 008 | 190425b ||||| |||| 00| 0 spa d | ||
| 020 | _a978-84675-6061-9 | ||
| 040 |
_aMUNICIPALIDAD PROVINCIAL DEL CUSCO _cBIBLIOTECA MUNICIPAL DEL CUSCO |
||
| 041 | _heng | ||
| 082 |
_aPI / 376.1 / _bM79 |
||
| 100 |
_aMoroney, Trace _933288 |
||
| 245 | _aCosas que me gustan de Mi Mascota / | ||
| 260 |
_aAustralia : _bEdiciones SM, _c2011. |
||
| 300 |
_bilustraciones, graficos, dibujos _c25 cm. |
||
| 500 | _aTexto educativo para niƱos | ||
| 650 |
_aTexto _9816 |
||
| 650 |
_aHistoria _9136 |
||
| 650 |
_aCuentos _9217 |
||
| 856 | _fwww.grupo-sm.com | ||
| 942 |
_2ddc _cLIBROS |
||
| 945 |
_apjha _d2019-04-25 |
||